| 000 | 00832cab a2200229 4500 | ||
|---|---|---|---|
| 001 | WB2833-04 | ||
| 008 | 090401t1992 xxu||||| |||| 00| 0 eng d | ||
| 035 | _a(Sirsi) u45809 | ||
| 041 | _aeng | ||
| 245 | _aEighties cladding likely to fail | ||
| 260 | _c1992 | ||
| 350 | _a0 | ||
| 490 |
_aBuilding Design _v(1091) 21 August 1992, 6(1) |
||
| 520 | _aWarnings have been voiced by industry specialists that much of the cladding erected in Britain during the past decade has been badly specified or inaccurately applied, and probably will require replacement to avoid building failures. | ||
| 650 | _aBUILDING DEFECTS | ||
| 650 | _aCLADDING SYSTEMS | ||
| 650 | _aFORECAST | ||
| 690 | _aBUILDING AND CONSTRUCTION-DEFECTS AND FAILURES | ||
| 690 | _aBUILT ENVIRONMENT-BUILDING MATERIALS | ||
| 942 | _n0 | ||
| 948 | _c04/03/1997 | ||
| 999 |
_c28983 _d28983 |
||